| 000 | 00579nam a2200229Ia 4500 | ||
|---|---|---|---|
| 003 | OSt | ||
| 005 | 20221006163813.0 | ||
| 006 | a|||||r|||| 00| 0 | ||
| 007 | ta | ||
| 008 | 221006b |||||||| |||| 00| 0 eng d | ||
| 024 | _a1,913 | ||
| 037 | _cTextual | ||
| 040 |
_aFML _cFML _beng |
||
| 041 |
_2eng _aeng |
||
| 082 | _aP:4k, K2 | ||
| 100 |
_aOuseg H L Au. _9675829 |
||
| 245 | 0 | _a21 Language Dictonary | |
| 260 |
_aLondon _bPeter Owen _c1962 |
||
| 300 |
_aVarious Page _ccm. |
||
| 942 |
_hP:4k, K2 _cTEXL _2CC |
||
| 999 |
_c1115333 _d1115333 |
||